LIBRARY & INFORMATION CENTRE, KCAET, TAVANUR

ONLINE PUBLIC ACCESS CATALOGUE (OPAC)

Investigation on the ergonomic performance of power tiller (Record no. 14946)

MARC details
000 -LEADER
fixed length control field 00658nam a22001817a 4500
003 - CONTROL NUMBER IDENTIFIER
control field OSt
088 ## - REPORT NUMBER
Report number P 191
100 ## - MAIN ENTRY--AUTHOR NAME
Personal name ASLAM SUBAIR
-- SABITHA K.T
-- VINIYA V.S
245 ## - TITLE STATEMENT
Title Investigation on the ergonomic performance of power tiller
260 ## - PUBLICATION, DISTRIBUTION, ETC. (IMPRINT)
Place of publication Tavanur 2009
Name of publisher Department of Farm Power Machinery and Energy
300 ## - PHYSICAL DESCRIPTION
Number of Pages 55
500 ## - GENERAL NOTE
General note Investigation on the ergonomic performance of power tiller
520 ## - SUMMARY, ETC.
Summary, etc Investigation on the ergonomic performance of power tiller
700 ## - ADDED ENTRY--PERSONAL NAME
Personal name Dr. Geetha Susan Philip (Guide)
856 ## - ELECTRONIC LOCATION AND ACCESS
Uniform Resource Identifier https://drive.google.com/open?id=1ejsDMk9mXIa-0imJUPbmrI7Syiqot1aQ
942 ## - ADDED ENTRY ELEMENTS (KOHA)
Koha item type Project Report
Holdings
Collection code Home library Current library Shelving location Full call number Accession Number Koha item type
Reference KAUAET KAUAET Reference 631.3 SUB/IN P 191 Project Report
free website counter